[Event "World Blitz 2015"]
[Site "Berlin GER"]
[Date "2015.10.13"]
[Round "3.87"]
[White "Sanal, Vahap"]
[Black "Kulon, Klaudia"]
[Result "1-0"]
[WhiteTitle "IM"]
[BlackTitle "WGM"]
[WhiteElo "2501"]
[BlackElo "2324"]
[WhiteFideId "6300545"]
[BlackFideId "1131044"]
[EventDate "2015.10.13"]

1. e4 e5 2. Nf3 Nc6 3. Bb5 a6 4. Ba4 Nf6 5. O-O Be7 6. Re1 b5 7. Bb3 d6 8. c3
O-O 9. h3 Na5 10. Bc2 c5 11. d4 Qc7 12. Nbd2 cxd4 13. cxd4 Nc6 14. Nb3 a5 15.
Be3 a4 16. Nbd2 Bd7 17. Rc1 Rac8 18. Bb1 Qb8 19. Nf1 Rfe8 20. Ng3 g6 21. a3 Na5
22. dxe5 dxe5 23. Rxc8 Rxc8 24. Nd2 Be6 25. Qf3 Nd7 26. Rd1 b4 27. Nf5 Bf8 28.
Nh6+ Kg7 29. Nf1 f6 30. axb4 Qxb4 31. Bd2 Qb5 32. Bd3 Nc4 33. Bc1 Be7 34. Ne3
Nc5 35. Nef5+ Bxf5 36. Bxc4 Qxc4 37. exf5 e4 38. Qg4 g5 39. h4 Kxh6 40. hxg5+
fxg5 41. Qh3+ Kg7 42. f6+ Bxf6 43. Qxc8 Qb5 44. Qc7+ Kg6 45. Qc8 Nd3 46. Qg8+
Bg7 47. Qe6+ Kh5 48. Qf7+ Kh6 49. Qe6+ Kh5 50. Qxe4 Nxc1 51. Qxh7+ Bh6 52. Qf7+
Kh4 53. g3+ Kg4 54. Rd4+ 1-0

[Event "World Blitz 2015"]
[Site "Berlin GER"]
[Date "2015.10.13"]
[Round "3.88"]
[White "Camacho Collados, Jose"]
[Black "Shchekachev, Andrei"]
[Result "0-1"]
[WhiteTitle "IM"]
[BlackTitle "GM"]
[WhiteElo "2383"]
[BlackElo "2531"]
[WhiteFideId "2265427"]
[BlackFideId "4107730"]
[EventDate "2015.10.13"]

1. Nf3 g6 2. g3 Bg7 3. d4 c5 4. c3 b6 5. Bg2 Bb7 6. O-O Nf6 7. dxc5 bxc5 8. Qb3
Bd5 9. c4 Bc6 10. Nc3 O-O 11. Nd5 Bxd5 12. cxd5 d6 13. Bd2 Ne4 14. Bc3 Nxc3 15.
bxc3 Nd7 16. Rab1 Qa5 17. c4 Rab8 18. Qe3 Ne5 19. Nxe5 Bxe5 20. a3 Rb6 21. h4
Rfb8 22. Rxb6 Qxb6 23. Rd1 Qb3 24. Rd3 Qxc4 25. h5 Rb1+ 26. Kh2 Qh4+ 27. Bh3
Qxh5 28. f4 Bf6 29. Kg2 Rb2 30. g4 Qh4 31. g5 Bd4 32. Qf3 Qe1 33. Qf1 Rxe2+ 34.
Kf3 Rf2+ 35. Qxf2 Qxf2+ 36. Kg4 Qe2+ 37. Rf3 h5+ 38. gxh6 f5+ 39. Kg3 Kh7 40.
Bf1 Qe1+ 41. Kg2 Kxh6 42. a4 a5 43. Bb5 Kg7 44. Rf1 Qh4 45. Kf3 Qg4# 0-1

[Event "World Blitz 2015"]
[Site "Berlin GER"]
[Date "2015.10.13"]
[Round "3.90"]
[White "Petursson, Margeir"]
[Black "Vogel, Roven"]
[Result "0-1"]
[WhiteTitle "GM"]
[WhiteElo "2520"]
[BlackElo "2417"]
[WhiteFideId "2300028"]
[BlackFideId "12908088"]
[EventDate "2015.10.13"]

1. c4 Nf6 2. Nc3 c5 3. Nf3 Nc6 4. g3 g6 5. Bg2 Bg7 6. d4 cxd4 7. Nxd4 O-O 8. O-O
Qa5 9. Nc2 d6 10. Bd2 Qh5 11. Re1 Bh3 12. e4 Ng4 13. f3 Qc5+ 14. Ne3 Bxg2 15.
Kxg2 Nxe3+ 16. Bxe3 Qxc4 17. Rc1 Bxc3 18. Rxc3 Qxa2 19. Qd2 Rfc8 20. Rec1 Qe6
21. Qd5 Qd7 22. Qb5 a6 23. Qb6 Rab8 24. h4 f5 25. Qb3+ Kh8 26. Qd5 e6 27. Qd3
fxe4 28. Qxe4 d5 29. Qg4 Qf7 30. h5 Qf5 31. Qh4 Rf8 32. Bh6 Rf7 33. hxg6 Qxg6
34. Re1 Rg8 35. Rce3 e5 36. Rxe5 Nxe5 37. Rxe5 Qf6 38. Qxf6+ Rxf6 39. Be3 Rd8
40. Bd4 Kg8 41. Re3 Rc6 42. Re7 Rc4 43. Be5 d4 44. Rg7+ Kf8 45. Rxh7 Rd5 46. f4
d3 47. Rh8+ Ke7 48. Rh1 d2 0-1

[Event "World Blitz 2015"]
[Site "Berlin GER"]
[Date "2015.10.13"]
[Round "3.91"]
[White "Thornton, Giovanni Antonio"]
[Black "Richter, Michael"]
[Result "0-1"]
[BlackTitle "GM"]
[WhiteElo "2207"]
[BlackElo "2517"]
[WhiteFideId "4300963"]
[BlackFideId "4618920"]
[EventDate "2015.10.13"]

1. c4 e5 2. Nc3 Bb4 3. g3 Bxc3 4. bxc3 d6 5. Bg2 Nc6 6. d3 Nf6 7. Rb1 O-O 8. e4
Nd7 9. Ne2 Qe7 10. O-O Nc5 11. Be3 Rb8 12. f4 Bg4 13. Qd2 b6 14. f5 f6 15. h3
Bh5 16. g4 Bf7 17. h4 Na5 18. Ng3 c6 19. g5 Rbd8 20. gxf6 gxf6 21. Bh6 Rfe8 22.
Kh2 Kh8 23. Rg1 Rg8 24. Bf3 d5 25. cxd5 cxd5 26. exd5 Bxd5 27. Bxd5 Rxd5 28. Nh5
Rxd3 29. Rxg8+ Kxg8 30. Qg2+ Kf7 31. Qg7+ Ke8 32. Nxf6+ Kd8 33. Qxe7+ Kxe7 34.
Nxh7 Nc4 35. f6+ Kf7 36. Rf1 Ne4 37. Ng5+ Nxg5 38. hxg5 Nd6 39. Bg7 Kg6 40. Kg2
Nf7 41. Rh1 Rxc3 42. Re1 Rc2+ 43. Kf3 Nxg5+ 44. Kg4 Rc4+ 45. Kg3 Ne4+ 46. Kh2
Nxf6 47. Bh8 Rh4+ 48. Kg3 Rxh8 49. Ra1 0-1

[Event "World Blitz 2015"]
[Site "Berlin GER"]
[Date "2015.10.13"]
[Round "3.92"]
[White "Seel, Christian"]
[Black "Choukri, Adel"]
[Result "0-1"]
[WhiteTitle "IM"]
[BlackTitle "CM"]
[WhiteElo "2474"]
[BlackElo "2199"]
[WhiteFideId "4663098"]
[BlackFideId "9000399"]
[EventDate "2015.10.13"]

1. Nf3 d5 2. d4 Nf6 3. c4 e6 4. Nc3 dxc4 5. e4 Bb4 6. Bg5 h6 7. Bxf6 Qxf6 8.
Bxc4 c5 9. O-O O-O 10. e5 Qe7 11. d5 Bxc3 12. d6 Qe8 13. bxc3 b5 14. Bd3 Bb7 15.
Rb1 a6 16. Qe2 Nd7 17. a4 c4 18. Be4 Bxe4 19. Qxe4 Nc5 20. Qe3 Nxa4 21. Nd4 Qd7
22. f4 f6 23. g4 Rac8 24. Rbe1 Nc5 25. Qg3 Nd3 26. Ra1 fxe5 27. fxe5 Rxf1+ 28.
Rxf1 b4 29. cxb4 Nxb4 30. g5 Qa7 31. Qf2 hxg5 32. Nxe6 Qxf2+ 33. Kxf2 Nc6 34.
Ke3 Nxe5 35. Ke4 Nd7 36. Ra1 Rc6 37. Kd5 Rb6 38. Rc1 Nf6+ 39. Kc5 Nd7+ 40. Kd5
Nf6+ 41. Ke5 Nd7+ 42. Kd5 Nf6+ 43. Kc5 Nd7+ 44. Kd5 Nf6+ 45. Kc5 Nd7+ 46. Kd5
Nf6+ 47. Ke5 Nd7+ 48. Kd5 Nf6+ 49. Kc5 Nd7+ 50. Kd5 Nf6+ 51. Ke5 Nd7+ 52. Kd5
Nf6+ 53. Kc5 Nd7+ 54. Kd5 Nf6+ 55. Kc5 Nd7+ 56. Kd5 Nf6+ 57. Ke5 Rb5+ 58. Kd4
Rd5+ 59. Kxc4 Rxd6 60. Nxg5 Rc6+ 0-1

[Event "World Blitz 2015"]
[Site "Berlin GER"]
[Date "2015.10.13"]
[Round "3.93"]
[White "Bezold, Michael"]
[Black "Koehler, Gerhard2"]
[Result "1-0"]
[WhiteTitle "GM"]
[WhiteElo "2509"]
[BlackElo "2173"]
[WhiteFideId "4601718"]
[BlackFideId "12909700"]
[EventDate "2015.10.13"]

1. c4 Nf6 2. g3 g6 3. Bg2 Bg7 4. Nc3 d6 5. d3 O-O 6. Nf3 e5 7. O-O Nc6 8. Rb1
Be6 9. b4 Qc8 10. b5 Ne7 11. Re1 h6 12. a4 c5 13. bxc6 bxc6 14. Ba3 Ne8 15. Ne4
Qc7 16. c5 d5 17. Nd6 Nf5 18. Rb7 Qa5 19. e4 Nfxd6 20. cxd6 Qa6 21. Qb1 Qxa4 22.
Bc5 Qa5 23. Rc1 dxe4 24. dxe4 Nf6 25. Nxe5 Qd2 26. Nxc6 Ng4 27. Qc2 Qg5 28. h3 1-0

[Event "World Blitz 2015"]
[Site "Berlin GER"]
[Date "2015.10.13"]
[Round "3.94"]
[White "Rabiega, Robert"]
[Black "Zepeda, Lorena"]
[Result "1-0"]
[WhiteTitle "GM"]
[BlackTitle "WIM"]
[WhiteElo "2503"]
[BlackElo "2106"]
[WhiteFideId "4601475"]
[BlackFideId "6700233"]
[EventDate "2015.10.13"]

1. e4 c5 2. c3 Nf6 3. e5 Nd5 4. Nf3 e6 5. Bc4 Nb6 6. Bb3 d5 7. d4 cxd4 8. cxd4
Be7 9. O-O O-O 10. Nc3 Nc6 11. Ne2 Bd7 12. Nf4 Rc8 13. Re1 Bb4 14. Re2 Na5 15.
Bc2 Bb5 16. Bd3 Bxd3 17. Nxd3 Be7 18. g3 Nbc4 19. h4 b5 20. Bg5 Bxg5 21. hxg5
Nc6 22. Kg2 a5 23. Nf4 Qb6 24. a3 b4 25. a4 Qa7 26. Qd3 g6 27. Rh1 Rfe8 28. Nh5
f5 29. Nf6+ Kh8 30. Nxh7 Kg7 31. Nf6 Rh8 32. Ree1 Nxb2 33. Qb5 Qc7 34. Rh6 Na7
35. Qe2 Nc4 36. Reh1 Rxh6 37. gxh6+ Kh8 38. Ng5 Qe7 39. h7 Nc6 40. Qd3 Nb2 41.
Qa6 Nxd4 42. Qxc8+ 1-0

[Event "World Blitz 2015"]
[Site "Berlin GER"]
[Date "2015.10.13"]
[Round "4.4"]
[White "Socko, Bartosz"]
[Black "Dreev, Aleksey"]
[Result "1/2-1/2"]
[WhiteTitle "GM"]
[BlackTitle "GM"]
[WhiteElo "2599"]
[BlackElo "2644"]
[WhiteFideId "1107038"]
[BlackFideId "4100107"]
[EventDate "2015.10.13"]

1. e4 c6 2. d4 d5 3. exd5 cxd5 4. Bd3 Nc6 5. c3 Qc7 6. Ne2 Bg4 7. O-O e6 8. Qe1
Bd6 9. f3 Bh5 10. Qh4 Bg6 11. Bxg6 fxg6 12. Bf4 Nge7 13. Nd2 O-O 14. Bxd6 Qxd6
15. Qg3 Qxg3 16. hxg3 e5 17. Rae1 Nf5 18. dxe5 Nxe5 19. Nc1 Rae8 20. Kf2 h5 21.
Ndb3 g5 22. Nd4 Nxd4 23. cxd4 Nc4 24. Nd3 Nd6 25. Rxe8 Rxe8 26. Rc1 Nf5 27. Rc5
Rd8 28. Nb4 Nxd4 29. Rxd5 Rxd5 30. Nxd5 Kf7 31. Ke3 Nf5+ 32. Ke4 Nxg3+ 33. Ke5
Ne2 34. Kf5 g4 35. fxg4 hxg4 36. Kxg4 Nc1 37. a3 Nd3 38. b4 Ke6 39. Nf4+ Nxf4
40. Kxf4 Kd5 41. Kf5 Kc4 42. Kg6 Kb3 43. Kxg7 Kxa3 44. b5 a5 45. bxa6 bxa6 46.
g4 Kb4 47. g5 a5 48. g6 a4 49. Kf7 a3 1/2-1/2

[Event "World Blitz 2015"]
[Site "Berlin GER"]
[Date "2015.10.13"]
[Round "4.10"]
[White "Anton Guijarro, David"]
[Black "Korobov, Anton"]
[Result "0-1"]
[WhiteTitle "GM"]
[BlackTitle "GM"]
[WhiteElo "2634"]
[BlackElo "2700"]
[WhiteFideId "2285525"]
[BlackFideId "14105730"]
[EventDate "2015.10.13"]

1. e4 c5 2. Nc3 d6 3. f4 Nc6 4. Bb5 Bd7 5. Nf3 g6 6. O-O Bg7 7. d3 a6 8. Bxc6
Bxc6 9. Qe1 Qd7 10. Bd2 e6 11. Rb1 Ne7 12. a3 b5 13. b4 Bb7 14. Ne2 Rc8 15. Bc3
f6 16. Kh1 O-O 17. Qd2 Qc7 18. Rbc1 cxb4 19. axb4 e5 20. Ba1 Bh6 21. Qe1 exf4
22. Qh4 Bg7 23. Qxf4 Qd7 24. Qg3 Nc6 25. Qe1 d5 26. exd5 Qxd5 27. Nf4 Qd7 28.
Qe6+ Qf7 29. Qh3 Rfe8 30. Ng5 fxg5 31. Nh5 Qd5 32. Nxg7 Re2 33. Nh5 gxh5 34. Rf5
g4 35. Rxd5 gxh3 36. Rg5+ Kf7 37. Rg7+ Ke6 38. Rxb7 hxg2+ 39. Kg1 Nxb4 40. Rb6+
Kd7 41. Rh6 Rcxc2 42. Rxh7+ Kc6 43. Rxc2+ Nxc2 44. Bb2 Ne3 45. Bc3 Rc2 46. Be1
Rc1 47. Kf2 Rxe1 0-1

[Event "World Blitz 2015"]
[Site "Berlin GER"]
[Date "2015.10.13"]
[Round "4.11"]
[White "Lenic, Luka"]
[Black "Tomashevsky, Evgeny"]
[Result "1/2-1/2"]
[WhiteTitle "GM"]
[BlackTitle "GM"]
[WhiteElo "2639"]
[BlackElo "2758"]
[WhiteFideId "14603853"]
[BlackFideId "4147235"]
[EventDate "2015.10.13"]

1. d4 Nf6 2. Bg5 d5 3. Nf3 g6 4. Bxf6 exf6 5. e3 Bd6 6. c4 dxc4 7. Bxc4 f5 8.
Nc3 Nd7 9. O-O O-O 10. Rc1 c6 11. a3 Nf6 12. Ba2 Qe7 13. Qc2 Bd7 14. Na4 Ne4 15.
Nc5 Nxc5 16. dxc5 Bc7 17. Rfd1 Rad8 18. b4 f4 19. e4 Bg4 20. Qe2 Kg7 21. h3 Bxf3
22. Qxf3 Be5 23. Rxd8 Rxd8 24. Rd1 h5 25. Kf1 Rd7 26. Rxd7 Qxd7 27. Qb3 Kf6 28.
Ke2 g5 29. Qd3 Qxd3+ 30. Kxd3 1/2-1/2

[Event "World Blitz 2015"]
[Site "Berlin GER"]
[Date "2015.10.13"]
[Round "4.12"]
[White "Zhang, Zhong"]
[Black "Kovalenko, Igor"]
[Result "1/2-1/2"]
[WhiteTitle "GM"]
[BlackTitle "GM"]
[WhiteElo "2619"]
[BlackElo "2700"]
[WhiteFideId "8600694"]
[BlackFideId "14117908"]
[EventDate "2015.10.13"]

1. e4 c6 2. d4 d5 3. exd5 cxd5 4. c4 Nf6 5. Nc3 Nc6 6. Nf3 Be6 7. c5 a6 8. h3
Bf5 9. Bd3 g6 10. O-O Bg7 11. Re1 O-O 12. a3 e6 13. Bf4 Bxd3 14. Qxd3 Nd7 15.
Bd6 Re8 16. b4 Nb6 17. b5 Na5 18. Be5 Nbc4 19. Bxg7 Kxg7 20. a4 Qf6 21. Rab1 Qf5
22. Qe2 Na3 23. Rb2 axb5 24. axb5 N5c4 25. Ra2 Ra5 26. b6 Rea8 27. Rea1 Nb5 28.
Rxa5 Nxc3 29. Qe1 Rxa5 30. Rxa5 Nxa5 31. Qxc3 Nc6 32. Ne5 Nxe5 33. dxe5 Qb1+ 34.
Kh2 Qb5 35. Qd4 h6 36. Qf4 Kf8 37. Qf6 Ke8 38. Qh8+ Ke7 39. Qb8 Qd7 40. Qa8 d4
41. Qa3 Qc6 42. Qb4 d3 43. Qd4 Qd7 44. Qh4+ g5 45. Qxh6 d2 46. Qxg5+ Kf8 47.
Qh6+ Ke8 48. Qh8+ Ke7 49. Qh4+ Ke8 50. Qh8+ Ke7 51. Qh4+ Ke8 1/2-1/2

[Event "World Blitz 2015"]
[Site "Berlin GER"]
[Date "2015.10.13"]
[Round "4.13"]
[White "Ivanisevic, Ivan"]
[Black "Wojtaszek, Radoslaw"]
[Result "1/2-1/2"]
[WhiteTitle "GM"]
[BlackTitle "GM"]
[WhiteElo "2653"]
[BlackElo "2734"]
[WhiteFideId "912417"]
[BlackFideId "1118358"]
[EventDate "2015.10.13"]

1. d4 Nf6 2. Bg5 d5 3. e3 c5 4. Bxf6 gxf6 5. dxc5 Nc6 6. Nf3 e5 7. Nc3 Be6 8.
Na4 Bxc5 9. Nxc5 Qa5+ 10. c3 Qxc5 11. Qa4 Rg8 12. g3 O-O-O 13. Bb5 Rg4 14. c4
Qb4+ 15. Qxb4 Nxb4 16. h3 Rgg8 17. Ke2 a6 18. cxd5 Nxd5 19. Bd3 Nb4 20. Rhc1+
Kb8 21. Bc4 Bxh3 22. a3 Nc6 23. Nh4 Bg4+ 24. Ke1 Rd7 25. Be2 Be6 26. Rd1 Rgd8
27. Rxd7 Rxd7 28. Rc1 Na5 29. b4 Nb3 30. Rd1 Rc7 31. Bd3 h6 32. Nf5 Rc3 33. Nxh6
a5 34. bxa5 Nc5 35. Bf5 Rxa3 36. Bxe6 fxe6 37. Ng4 Ne4 38. Rd8+ Kc7 39. Rf8 f5
40. Nxe5 Ra1+ 41. Ke2 Ra2+ 42. Kd3 Rxf2 43. Rf7+ Kc8 44. Nc4 Ra2 45. Nb6+ Kb8
46. Rf8+ Kc7 47. Rc8+ Kd6 48. Nc4+ Kd7 49. Nb6+ Kd6 50. Nc4+ Kd7 51. Nb6+ Kd6 1/2-1/2

[Event "World Blitz 2015"]
[Site "Berlin GER"]
[Date "2015.10.13"]
[Round "4.14"]
[White "Bocharov, Dmitry"]
[Black "Gajewski, Grzegorz"]
[Result "1-0"]
[WhiteTitle "GM"]
[BlackTitle "GM"]
[WhiteElo "2560"]
[BlackElo "2654"]
[WhiteFideId "4138716"]
[BlackFideId "1116207"]
[EventDate "2015.10.13"]

1. Nf3 d5 2. c4 d4 3. b4 c5 4. bxc5 Nc6 5. d3 e5 6. g3 Nf6 7. Bg2 Be7 8. Nbd2
O-O 9. O-O Nd7 10. Ne4 Nxc5 11. Nxc5 Bxc5 12. Rb1 Rb8 13. Nd2 Bd7 14. f4 exf4
15. Ne4 Bb6 16. Bxf4 Bc7 17. Qd2 Ne5 18. Nc5 Bc6 19. Nxb7 Rxb7 20. Rxb7 Bxg2 21.
Rxc7 Bxf1 22. Bxe5 Bh3 23. Qf4 Qb8 24. g4 Qb1+ 25. Kf2 Qf1+ 26. Kg3 Qg2+ 27. Kh4
h6 28. Qf3 g5+ 29. Kh5 Bxg4+ 30. Qxg4 Qf2 31. Bg3 Qf6 32. Qe4 a5 33. Ra7 a4 34.
Ra8 Rxa8 35. Qxa8+ Kg7 36. Qe4 Kg8 37. Qe8+ Kh7 38. Qe4+ Kg8 39. c5 Qf1 40. Qe8+
Kh7 41. Qe4+ Kg8 42. Kg4 Kg7 43. Be5+ f6 44. Bg3 h5+ 45. Kxh5 Qh3+ 46. Bh4 gxh4
47. Qg4+ 1-0

[Event "World Blitz 2015"]
[Site "Berlin GER"]
[Date "2015.10.13"]
[Round "4.15"]
[White "Belov, Vladimir"]
[Black "Nguyen, Ngoc Truong Son"]
[Result "0-1"]
[WhiteTitle "GM"]
[BlackTitle "GM"]
[WhiteElo "2614"]
[BlackElo "2634"]
[WhiteFideId "4132394"]
[BlackFideId "12401110"]
[EventDate "2015.10.13"]

1. d4 Nf6 2. c4 g6 3. Nc3 Bg7 4. e4 d6 5. Nf3 O-O 6. Be2 e5 7. O-O Nc6 8. d5 Ne7
9. Ne1 Nd7 10. f3 f5 11. g4 Nf6 12. Nd3 h6 13. Be3 fxg4 14. fxg4 g5 15. c5 Ng6
16. Nf2 Nf4 17. Bf3 Bd7 18. Rc1 a6 19. Ne2 Bb5 20. a4 Bd7 21. Ng3 Rf7 22. b4 Qe8
23. Ra1 a5 24. b5 dxc5 25. Bxc5 Bf8 26. Rc1 Bxc5 27. Rxc5 Rc8 28. Qc2 b6 29. Rc4
Qd8 30. Rc1 Ne8 31. Nf5 Bxf5 32. exf5 Nd6 33. Rc6 Qe7 34. Re1 h5 35. gxh5 Nxf5
36. d6 Nxd6 37. Ng4 Qf8 38. Nxe5 Re7 39. Bg4 Rce8 40. Rxc7 Nf7 41. Re4 Rxe5 42.
Rxe5 Rxe5 43. h6 Qxh6 44. Qc4 Qg6 45. h4 Qb1+ 46. Kf2 Qb2+ 47. Kf1 Qb1+ 48. Kf2
Nd3+ 49. Kg2 Qb2+ 50. Kh3 0-1

[Event "World Blitz 2015"]
[Site "Berlin GER"]
[Date "2015.10.13"]
[Round "4.16"]
[White "Zvjaginsev, Vadim"]
[Black "Hausrath, Daniel"]
[Result "1/2-1/2"]
[WhiteTitle "GM"]
[BlackTitle "GM"]
[WhiteElo "2660"]
[BlackElo "2503"]
[WhiteFideId "4113403"]
[BlackFideId "4617495"]
[EventDate "2015.10.13"]

1. e4 c5 2. c3 d5 3. exd5 Qxd5 4. d4 Nc6 5. Nf3 Bf5 6. Be3 Nf6 7. Nbd2 cxd4 8.
Nxd4 Nxd4 9. Bxd4 e5 10. Be3 Be7 11. Be2 O-O 12. O-O Rad8 13. Qb3 Qxb3 14. axb3
a6 15. Nc4 Nd5 16. b4 Nf4 17. Bxf4 exf4 18. Rfe1 Bf6 19. Bf3 b5 20. Nb6 Rd2 21.
Nd5 Rxb2 22. Nxf6+ gxf6 23. Rxa6 Kg7 24. Rc6 Rd8 25. Rc5 Bd3 26. Rd1 Re8 27. h4
Bc4 28. Rf5 Rc2 29. Rxf4 Rxc3 30. Rdd4 Rb3 31. Bd5 Rxb4 32. Bxc4 bxc4 33. Rxc4
Rxc4 34. Rxc4 1/2-1/2

[Event "World Blitz 2015"]
[Site "Berlin GER"]
[Date "2015.10.13"]
[Round "4.17"]
[White "Ragger, Markus"]
[Black "Aronian, Levon"]
[Result "0-1"]
[WhiteTitle "GM"]
[BlackTitle "GM"]
[WhiteElo "2698"]
[BlackElo "2784"]
[WhiteFideId "1610856"]
[BlackFideId "13300474"]
[EventDate "2015.10.13"]

1. d4 Nf6 2. c4 c5 3. d5 g6 4. Nc3 Bg7 5. e4 O-O 6. e5 Ne8 7. h4 d6 8. e6 fxe6
9. h5 exd5 10. Nxd5 Nc6 11. hxg6 hxg6 12. Bd3 Ne5 13. Bh6 e6 14. Bxg7 Nxg7 15.
Ne3 Qa5+ 16. Kf1 Bd7 17. Nf3 Rxf3 18. gxf3 Bc6 19. Rh3 Rf8 20. Ng4 Rxf3 21. Nh6+
Kh7 22. Nf7+ Rxh3 23. Ng5+ Kg8 24. Nxh3 Qd8 25. Be2 Qh4 26. Qb3 Nf5 27. Ng1 Ng4
28. Nh3 Nge3+ 29. fxe3 Qxh3+ 30. Ke1 Qh1+ 31. Bf1 Ng3 32. Qd3 Be4 33. Qxd6 Qxf1+
34. Kd2 Qe2+ 0-1

[Event "World Blitz 2015"]
[Site "Berlin GER"]
[Date "2015.10.13"]
[Round "4.19"]
[White "Navara, David"]
[Black "Akopian, Vladimir"]
[Result "0-1"]
[WhiteTitle "GM"]
[BlackTitle "GM"]
[WhiteElo "2734"]
[BlackElo "2648"]
[WhiteFideId "309095"]
[BlackFideId "13300032"]
[EventDate "2015.10.13"]

1. d4 Nf6 2. c4 e6 3. Nf3 c5 4. d5 exd5 5. cxd5 d6 6. Nc3 g6 7. Nd2 Nbd7 8. e4
a6 9. a4 Bg7 10. Be2 O-O 11. O-O Re8 12. Re1 Rb8 13. h3 Qc7 14. Qc2 h6 15. Ra3
g5 16. Nf1 Ne5 17. f4 gxf4 18. Bxf4 Ng6 19. Bh2 c4 20. a5 b5 21. axb6 Qxb6+ 22.
Kh1 Qxb2 23. Qa4 Rb3 24. Rxb3 cxb3 25. Qb4 Nd7 26. Na4 Qc2 27. Bd1 Qd3 28. Bxb3
Nde5 29. Rd1 Qe2 30. Nc3 Qh5 31. Ng3 Qh4 32. Qxd6 Bxh3 33. gxh3 Qxh3 34. Nce2
Nf3 35. Nf1 Be5 36. Qc6 Ngh4 37. Qxe8+ Kg7 38. Nf4 Bxf4 39. Rd2 Qxf1+ 0-1

[Event "World Blitz 2015"]
[Site "Berlin GER"]
[Date "2015.10.13"]
[Round "4.20"]
[White "Anand, Viswanathan"]
[Black "Jumabayev, Rinat"]
[Result "1-0"]
[WhiteTitle "GM"]
[BlackTitle "GM"]
[WhiteElo "2803"]
[BlackElo "2606"]
[WhiteFideId "5000017"]
[BlackFideId "13702661"]
[EventDate "2015.10.13"]

1. e4 e5 2. Nf3 Nc6 3. Bb5 a6 4. Ba4 Nf6 5. O-O Be7 6. d3 d6 7. c3 O-O 8. Nbd2
Re8 9. Re1 Bf8 10. Nf1 g6 11. Bg5 h6 12. Bh4 b5 13. Bb3 Na5 14. Bc2 c5 15. Ne3
Be7 16. Bxf6 Bxf6 17. a3 Be6 18. b4 Nc6 19. Bb3 a5 20. Bxe6 fxe6 21. a4 cxb4 22.
axb5 Na7 23. cxb4 Nxb5 24. Qa4 Nc3 25. Qb3 Nb5 26. Nc4 axb4 27. Rxa8 Qxa8 28.
Qxb4 d5 29. Qxb5 dxc4 30. Qxc4 Qa5 31. g3 Re7 32. Kg2 Kg7 33. Rb1 Qa3 34. Rb6 h5
35. Rxe6 Rxe6 36. Qxe6 Qxd3 37. Qd5 Qc3 38. h4 Qc7 39. Nd2 Be7 40. Nc4 Bf6 41.
Qe6 Qf7 42. Qc6 Qe7 43. Nb6 Qf7 44. Nd5 Bd8 45. Qc8 Bf6 46. Qb8 Qe6 47. Qc7+ Kg8
48. Qd7 Qa6 49. Ne7+ Bxe7 50. Qxe7 Qb5 51. Qe6+ Kg7 52. Qe7+ Kh6 53. Qf8+ Kh7
54. Qf7+ Kh6 55. Qg8 1-0

[Event "World Blitz 2015"]
[Site "Berlin GER"]
[Date "2015.10.13"]
[Round "4.21"]
[White "Kravtsiv, Martyn"]
[Black "Ponomariov, Ruslan"]
[Result "1-0"]
[WhiteTitle "GM"]
[BlackTitle "GM"]
[WhiteElo "2621"]
[BlackElo "2710"]
[WhiteFideId "14113147"]
[BlackFideId "14103320"]
[EventDate "2015.10.13"]

1. e4 e5 2. Nf3 Nc6 3. Nc3 Nf6 4. d4 exd4 5. Nxd4 Bb4 6. Nxc6 bxc6 7. Bd3 O-O 8.
O-O Re8 9. Bg5 h6 10. Bh4 Rb8 11. f4 Be7 12. b3 d5 13. e5 Ng4 14. Bxe7 Qxe7 15.
Qd2 f6 16. h3 Qc5+ 17. Kh1 Qe3 18. Qe2 Qxe2 19. Nxe2 fxe5 20. Bg6 Re6 21. f5
Rxg6 22. fxg6 Nf6 23. Rae1 Bd7 24. Nc1 e4 25. Ne2 Kf8 26. c4 Ke7 27. c5 a5 28.
Nd4 Rb4 29. Rd1 Be8 30. Kg1 Kd7 31. Nf5 Bxg6 32. Nxg7 Ke7 33. Nf5+ Bxf5 34. Rxf5
Nd7 35. Rdf1 Nxc5 36. Rf7+ Kd6 37. Rh7 a4 38. Rxh6+ Ke5 39. Rxc6 Nd3 40. bxa4
Rxa4 41. Rxc7 Rxa2 42. h4 e3 43. Re7+ Kd4 44. h5 e2 45. Rb1 Ne5 46. h6 Ra6 47.
h7 Rh6 48. Re1 Nc6 49. Rc7 Ne5 50. Rxe2 Rxh7 51. Rxh7 1-0

[Event "World Blitz 2015"]
[Site "Berlin GER"]
[Date "2015.10.13"]
[Round "4.22"]
[White "Fedoseev, Vladimir3"]
[Black "Bartel, Mateusz"]
[Result "1-0"]
[WhiteTitle "GM"]
[BlackTitle "GM"]
[WhiteElo "2659"]
[BlackElo "2622"]
[WhiteFideId "24130737"]
[BlackFideId "1112635"]
[EventDate "2015.10.13"]

1. e4 e5 2. Nf3 Nc6 3. Bb5 a6 4. Ba4 Nf6 5. O-O b5 6. Bb3 Bb7 7. Re1 Bc5 8. c3
d6 9. d4 Bb6 10. Be3 O-O 11. Nbd2 exd4 12. cxd4 Nb4 13. d5 c5 14. dxc6 Nxc6 15.
Nf1 Ne5 16. Nxe5 dxe5 17. Qxd8 Bxd8 18. f3 Be7 19. Red1 Rfc8 20. Ng3 g6 21. a4
Bc5 22. Kf2 Kf8 23. axb5 axb5 24. Bxc5+ 1-0

[Event "World Blitz 2015"]
[Site "Berlin GER"]
[Date "2015.10.13"]
[Round "4.23"]
[White "Karjakin, Sergey"]
[Black "Safarli, Eltaj"]
[Result "1/2-1/2"]
[WhiteTitle "GM"]
[BlackTitle "GM"]
[WhiteElo "2762"]
[BlackElo "2657"]
[WhiteFideId "14109603"]
[BlackFideId "13402129"]
[EventDate "2015.10.13"]

1. c4 Nf6 2. Nc3 e5 3. Nf3 Nc6 4. g3 d5 5. cxd5 Nxd5 6. Bg2 Nb6 7. O-O Be7 8.
Rb1 a5 9. d3 O-O 10. Be3 Be6 11. Bxb6 cxb6 12. a3 Re8 13. Nd2 Rc8 14. Nc4 Bc5
15. e3 f6 16. Na4 Re7 17. Qe2 Rd7 18. Rfd1 Kh8 19. Be4 f5 20. Bxc6 bxc6 21. Nxc5
bxc5 22. Nxe5 Rd5 23. Nc4 Qc7 24. a4 Rcd8 25. Rbc1 h6 26. Rc3 R5d7 27. Qc2 Bd5
28. f4 Bxc4 29. Rxc4 Re7 30. Kf2 Rde8 31. Re1 Qd6 32. Rxc5 Qg6 33. Qd1 Rb7 34.
Qd2 Reb8 35. Rb1 Rb4 36. Rxa5 Qh5 37. Kg2 Rb3 38. Rc5 Qf7 39. Kf2 R3b4 40. a5
Qh5 41. Kg1 Qf3 42. a6 Ra4 43. Qf2 Qh5 44. Rxc6 Qe8 45. Rbc1 Rab4 46. a7 Ra8 47.
Ra6 Qb5 48. Qf3 Qe8 49. Rc2 Rb3 50. Qxa8 Qxa8 51. Rc8+ Qxc8 52. a8=Q Rb8 53. Qc6
Qd8 54. Qd6 Qc8 55. Rc6 Qe8 56. Qe5 Qxc6 57. Qxb8+ Kh7 58. Qb3 Qc1+ 59. Kf2 Qd2+
60. Kf3 Qe1 61. e4 Qf1+ 62. Ke3 Qg1+ 63. Kd2 Qxh2+ 64. Kc3 fxe4 65. Qd5 Qxg3 66.
Qxe4+ Kh8 67. b4 Qg1 68. Kc4 Qc1+ 69. Kd5 Qc8 70. b5 h5 71. f5 Qd7+ 72. Kc5 Qc7+
73. Kb4 Qd6+ 74. Ka5 Qa3+ 75. Kb6 Qd6+ 76. Kb7 Qd7+ 77. Ka6 Qc8+ 78. Kb6 Qd8+
79. Kc5 Qc7+ 80. Qc6 Qe5+ 81. Qd5 Qc7+ 82. Kb4 h4 83. f6 gxf6 84. Qh5+ Kg7 85.
Qxh4 Qd6+ 86. Kc4 Qc7+ 87. Kb3 Qc1 88. Qg4+ Kh6 89. Qc4 Qb1+ 90. Ka4 Qa1+ 91.
Kb4 Qe1+ 92. Qc3 Qe7+ 93. Ka4 Qa7+ 94. Kb3 Qf7+ 95. Qc4 Qa7 96. Qc6 Qd4 97. Qc4
Qa1 98. Kb4 Qe1+ 99. Kc5 Qe7+ 100. Kb6 Qd6+ 101. Kb7 Qd7+ 102. Ka6 Qd6+ 103. b6
f5 104. d4 f4 105. d5 Kg5 106. Qc6 Qa3+ 107. Kb7 f3 108. d6 f2 109. d7 Qe7 110.
Qd5+ Kf4 111. Qd4+ Kf3 112. Kb8 f1=Q 113. d8=Q Qxd8+ 114. Qxd8 1/2-1/2